[Event "Titled Tue 20th May Early"]
[Site "chess.com INT"]
[Date "2025.05.20"]
[Round "2"]
[White "Murawski, Jan"]
[Black "Bressac, Stephane"]
[Result "1-0"]
[WhiteTitle "CM"]
[BlackTitle "IM"]
[WhiteElo "2191"]
[BlackElo "2279"]
[WhiteFideId "21009287"]
[BlackFideId "655945"]
[EventDate "2025.05.20"]

1. c4 Nf6 2. Nc3 g6 3. d4 Bg7 4. e4 O-O 5. Be2 d6 6. Bg5 Nbd7 7. g4 e5 8. d5 Nc5
9. f3 a5 10. h4 c6 11. h5 cxd5 12. cxd5 Qb6 13. Rb1 Nfd7 14. Qd2 f5 15. hxg6
hxg6 16. gxf5 gxf5 17. exf5 Nf6 18. Bh6 Bxf5 19. Bxg7 Kxg7 20. Qg5+ Bg6 21. Rh6
Nd3+ 22. Bxd3 Qxg1+ 23. Qxg1 e4 24. Qxg6# 1-0

[Event "Titled Tue 20th May Early"]
[Site "chess.com INT"]
[Date "2025.05.20"]
[Round "2"]
[White "Piliposyan, Robert"]
[Black "Otdelnov, Kirill"]
[Result "1-0"]
[WhiteTitle "IM"]
[BlackTitle "FM"]
[WhiteElo "2416"]
[BlackElo "2273"]
[WhiteFideId "13309978"]
[BlackFideId "24280216"]
[EventDate "2025.05.20"]

1. d4 d5 2. c4 e6 3. Nf3 Nf6 4. Bg5 dxc4 5. Nc3 c5 6. e3 cxd4 7. exd4 Be7 8.
Bxc4 O-O 9. O-O Nc6 10. Re1 h6 11. Bh4 Nh5 12. Bxe7 Nxe7 13. d5 exd5 14. Nxd5
Nxd5 15. Qxd5 Qxd5 16. Bxd5 Nf4 17. Bb3 Be6 18. Bxe6 Nxe6 19. Rad1 Rfd8 20. g3
Kf8 21. Kg2 Rac8 22. Rxd8+ Nxd8 23. Ne5 Rc2 24. Nd7+ 1-0

[Event "Titled Tue 20th May Early"]
[Site "chess.com INT"]
[Date "2025.05.20"]
[Round "2"]
[White "Chaulagain, Purusottam"]
[Black "Deichmann, Esteban Horacio"]
[Result "0-1"]
[WhiteTitle "CM"]
[WhiteElo "1898"]
[BlackElo "2085"]
[WhiteFideId "12300730"]
[BlackFideId "167410"]
[EventDate "2025.05.20"]

1. d4 c5 2. d5 d6 3. Nc3 g6 4. e4 Bg7 5. Nf3 e5 6. Bc4 f5 7. O-O f4 8. g3 g5 9.
Kh1 h5 10. h4 g4 11. Ng5 f3 12. Ne6 Bxe6 13. dxe6 Bf6 14. Nd5 Bxh4 15. e7 Bxe7
16. Nxe7 Qxe7 17. Qd5 h4 18. Bg5 hxg3+ 19. Kg1 Rh1+ 20. Kxh1 Qh7+ 21. Kg1 Qh2# 0-1

[Event "Titled Tue 20th May Early"]
[Site "chess.com INT"]
[Date "2025.05.20"]
[Round "2"]
[White "Vafin, Ayrat"]
[Black "Boramanikar, Tanisha S"]
[Result "1-0"]
[WhiteTitle "FM"]
[BlackTitle "WCM"]
[WhiteElo "2302"]
[BlackElo "1743"]
[WhiteFideId "4146530"]
[BlackFideId "35023454"]
[EventDate "2025.05.20"]

1. Nf3 Nf6 2. g3 d5 3. Bg2 g6 4. O-O Bg7 5. d4 O-O 6. c4 Bg4 7. Qb3 Qc8 8. Nc3
Rd8 9. cxd5 Bh3 10. e4 Bxg2 11. Kxg2 c5 12. dxc5 Qxc5 13. Be3 Qc8 14. Rac1 Nbd7
15. Nb5 Qb8 16. Bf4 1-0

[Event "Titled Tue 20th May Early"]
[Site "chess.com INT"]
[Date "2025.05.20"]
[Round "2"]
[White "Vasenev, Sergey"]
[Black "Skytte, Robert"]
[Result "1-0"]
[WhiteTitle "FM"]
[WhiteElo "2283"]
[BlackElo "2007"]
[WhiteFideId "4126858"]
[BlackFideId "1471775"]
[EventDate "2025.05.20"]

1. e4 c5 2. Nf3 Nc6 3. d4 cxd4 4. Nxd4 g6 5. c4 Bg7 6. Be3 Nf6 7. Nc3 O-O 8. f3
b6 9. Be2 Bb7 10. O-O Nxd4 11. Bxd4 Qc7 12. Qd2 d6 13. Rac1 Bc6 14. Nd5 Bxd5 15.
cxd5 Qb7 16. Rc6 Nd7 17. Rfc1 Rfc8 18. Bxg7 Kxg7 19. Qc3+ 1-0

[Event "Titled Tue 20th May Early"]
[Site "chess.com INT"]
[Date "2025.05.20"]
[Round "2"]
[White "Namitbir, Singh Walia"]
[Black "Montano Vicente, Guadalupe"]
[Result "1-0"]
[WhiteTitle "FM"]
[WhiteElo "2335"]
[BlackElo "1940"]
[WhiteFideId "35071068"]
[BlackFideId "5181399"]
[EventDate "2025.05.20"]

1. e4 c5 2. Nf3 d6 3. d4 cxd4 4. Nxd4 Nf6 5. f3 e5 6. Nb3 d5 7. Bg5 Be6 8. Bxf6
gxf6 9. exd5 Qxd5 10. Qxd5 Bxd5 11. Nc3 Bb4 12. O-O-O Bc6 13. Nd5 Bxd5 14. Rxd5
Nc6 15. c3 Bf8 16. Bc4 Ke7 17. Rhd1 Bh6+ 18. Kc2 Rhd8 19. Nc5 b6 20. Rd7+ Rxd7
21. Rxd7+ Ke8 22. Bxf7+ Kf8 23. Ne6# 1-0

[Event "Titled Tue 20th May Early"]
[Site "chess.com INT"]
[Date "2025.05.20"]
[Round "2"]
[White "Cori Quispe, Kevin Joel"]
[Black "Crispin Ferreras, Darvi Abraham"]
[Result "1-0"]
[WhiteTitle "GM"]
[BlackTitle "CM"]
[WhiteElo "2464"]
[BlackElo "2124"]
[WhiteFideId "3814017"]
[BlackFideId "6402771"]
[EventDate "2025.05.20"]

1. e4 e6 2. d4 d5 3. Nd2 Nc6 4. Ngf3 Nf6 5. e5 Nd7 6. Be2 f6 7. exf6 Qxf6 8. Nf1
Bd6 9. Ne3 O-O 10. O-O Ne7 11. Bd3 c6 12. Re1 Nf5 13. Ng4 Qg6 14. h3 Qh5 15. c3
Nf6 16. Nfe5 Bxe5 17. dxe5 Ne4 18. Bxe4 dxe4 19. Nf6+ 1-0

[Event "Titled Tue 20th May Early"]
[Site "chess.com INT"]
[Date "2025.05.20"]
[Round "2"]
[White "Terlouw, Wouter"]
[Black "Scheglov, Gleb"]
[Result "0-1"]
[WhiteTitle "CM"]
[BlackTitle "FM"]
[WhiteElo "2227"]
[BlackElo "2318"]
[WhiteFideId "1087401"]
[BlackFideId "34356266"]
[EventDate "2025.05.20"]

1. e4 c6 2. d4 d5 3. Nc3 dxe4 4. Nxe4 Nf6 5. Ng5 h6 6. Nxf7 Kxf7 7. Nf3 c5 8. d5
b5 9. c4 Kg8 10. Ne5 e6 11. Ng6 bxc4 12. Nxh8 Kxh8 13. dxe6 Qxd1+ 14. Kxd1 Bxe6
15. Be3 Nc6 16. Rc1 Ne5 17. h3 Rd8+ 18. Ke1 Nd3+ 19. Bxd3 cxd3 20. Kd2 Ne4+ 21.
Kd1 Bxa2 22. f3 Bb3+ 23. Ke1 d2+ 24. Bxd2 Nxd2 25. Ke2 c4 26. Ra1 Bb4 27. Rxa7
Re8+ 28. Kf2 Bc5+ 0-1

[Event "Titled Tue 20th May Early"]
[Site "chess.com INT"]
[Date "2025.05.20"]
[Round "2"]
[White "Gonzalez Vega, Alejandro"]
[Black "Pribelszky, Bence"]
[Result "0-1"]
[WhiteTitle "FM"]
[BlackTitle "IM"]
[WhiteElo "2092"]
[BlackElo "2400"]
[WhiteFideId "3510042"]
[BlackFideId "769738"]
[EventDate "2025.05.20"]

1. d4 d6 2. c4 e5 3. d5 f5 4. Nc3 Nf6 5. Bg5 Be7 6. Qc2 Nxd5 7. cxd5 Bxg5 8. Nf3
Bf6 9. Nb5 c6 10. dxc6 bxc6 11. Nc3 e4 12. Nd2 Ba6 13. Rd1 Nd7 14. e3 Bxf1 15.
Nxf1 Ne5 16. Ng3 Nd3+ 17. Kf1 g6 18. f3 O-O 19. Kg1 Qb6 20. Nf1 Bg5 21. f4 Bxf4 0-1

[Event "Titled Tue 20th May Early"]
[Site "chess.com INT"]
[Date "2025.05.20"]
[Round "2"]
[White "Parfenov, Viktor N."]
[Black "Khodabandeh, Milad"]
[Result "1-0"]
[WhiteTitle "CM"]
[BlackTitle "CM"]
[WhiteElo "2193"]
[BlackElo "1957"]
[WhiteFideId "4165969"]
[BlackFideId "12538620"]
[EventDate "2025.05.20"]

1. d4 d5 2. c4 c6 3. Nf3 Nf6 4. Qc2 g6 5. Bf4 Bf5 6. Qb3 Qb6 7. e3 Nbd7 8. Nc3
e6 9. c5 Qxb3 10. axb3 a6 11. b4 Rc8 12. h3 h6 13. Nd2 g5 14. Bh2 Bg7 15. Nb3
Ne4 16. Na5 e5 17. Nxe4 Bxe4 18. Nxb7 Rb8 19. Bxa6 Ke7 20. f3 Bg6 21. b5 Ke6 22.
bxc6 Nb6 1-0

[Event "Titled Tue 20th May Early"]
[Site "chess.com INT"]
[Date "2025.05.20"]
[Round "2"]
[White "Yelisieiev, Yevhenii"]
[Black "Bok, Benjamin"]
[Result "0-1"]
[WhiteTitle "IM"]
[BlackTitle "GM"]
[WhiteElo "2412"]
[BlackElo "2591"]
[WhiteFideId "14139642"]
[BlackFideId "1017063"]
[EventDate "2025.05.20"]

1. d4 Nf6 2. Nf3 d5 3. c4 e6 4. Nc3 c6 5. e3 Nbd7 6. Be2 Bd6 7. b3 O-O 8. Bb2
Ne4 9. O-O f5 10. Ne1 Qh4 11. g3 Qh3 12. Bf3 Ndf6 13. Bg2 Qh6 14. Nd3 Ng4 15. h3
Nxe3 16. fxe3 Qxe3+ 17. Nf2 Qxg3 18. Nfxe4 Qh2+ 19. Kf2 fxe4+ 20. Ke1 Qxg2 21.
Rxf8+ Kxf8 22. Ne2 e3 23. Qd3 Qh1+ 0-1

[Event "Titled Tue 20th May Early"]
[Site "chess.com INT"]
[Date "2025.05.20"]
[Round "2"]
[White "Villa, Ma. Elayza"]
[Black "Rees, Ioan"]
[Result "1/2-1/2"]
[BlackTitle "FM"]
[WhiteElo "1819"]
[BlackElo "2288"]
[WhiteFideId "5224292"]
[BlackFideId "1801236"]
[EventDate "2025.05.20"]

1. d4 Nf6 2. Bf4 g6 3. Nc3 d5 4. Qd2 Bg7 5. Nf3 O-O 6. h3 c5 7. e3 Ne4 8. Nxe4
dxe4 9. Ne5 Nd7 10. Nxd7 Bxd7 11. c3 cxd4 12. exd4 Bc6 13. Bc4 b5 14. Bb3 a5 15.
O-O a4 16. Bc2 Qd5 17. Qe3 Rad8 18. Rfe1 f5 19. Bd1 e5 20. dxe5 Bxe5 21. Bxe5
Qxe5 22. f3 f4 23. Qb6 Rd6 24. fxe4 Bxe4 25. Rxe4 Qxe4 26. Qxd6 Qe1+ 27. Kh2
Qg3+ 28. Kh1 Qe1+ 29. Kh2 Qg3+ 30. Kg1 Qe1+ 31. Kh2 1/2-1/2

[Event "Titled Tue 20th May Early"]
[Site "chess.com INT"]
[Date "2025.05.20"]
[Round "2"]
[White "Bahmani, Koorosh"]
[Black "Mansurova, Mumtozbegim"]
[Result "1-0"]
[WhiteTitle "CM"]
[BlackTitle "WCM"]
[WhiteElo "2208"]
[BlackElo "1768"]
[WhiteFideId "42576750"]
[BlackFideId "14215780"]
[EventDate "2025.05.20"]

1. Nf3 Nf6 2. g3 d5 3. Bg2 c6 4. c4 dxc4 5. O-O Bg4 6. Qc2 Nbd7 7. Qxc4 e5 8.
Ng5 Qe7 9. h3 Be6 10. Nxe6 Qxe6 11. Qc2 Bd6 12. Nc3 O-O 13. d3 Nb6 14. Bd2 Rad8
15. Rab1 Nbd5 16. Rfc1 a6 17. Qb3 Rd7 18. Na4 b5 19. Nc5 Bxc5 20. Rxc5 Rc7 21.
Rbc1 Rfc8 22. Ba5 Rb7 23. Bxd5 Nxd5 24. Qxd5 1-0

[Event "Titled Tue 20th May Early"]
[Site "chess.com INT"]
[Date "2025.05.20"]
[Round "2"]
[White "Shankland, Sam"]
[Black "Lisenkov, Svyatoslav"]
[Result "0-1"]
[WhiteTitle "GM"]
[BlackTitle "CM"]
[WhiteElo "2666"]
[BlackElo "2241"]
[WhiteFideId "2004887"]
[BlackFideId "34264183"]
[EventDate "2025.05.20"]

1. c4 Nf6 2. g3 g6 3. Bg2 Bg7 4. Nc3 O-O 5. d4 d6 6. Nf3 Nc6 7. h3 e5 8. Be3 Re8
9. dxe5 dxe5 10. O-O Be6 11. b3 h6 12. Qc1 Kh7 13. Rd1 Qc8 14. Nd5 Bxh3 15. Bxh3
Qxh3 16. Nxc7 Ng4 17. Nxe8 Rxe8 18. Rd7 Nxe3 19. Qxe3 Qxd7 20. Qe4 f5 21. Qd5
Qxd5 22. cxd5 e4 23. Re1 exf3 24. dxc6 bxc6 25. e3 Rd8 26. Rc1 Rd2 27. a4 Rb2
28. Rxc6 Rxb3 29. Rc7 a5 30. Ra7 Rb1+ 31. Kh2 Rf1 32. g4 fxg4 33. Kg3 h5 34. e4
Kh6 35. Re7 Ra1 36. e5 Rxa4 37. e6 Be5+ 38. Kh4 g5# 0-1

[Event "Titled Tue 20th May Early"]
[Site "chess.com INT"]
[Date "2025.05.20"]
[Round "2"]
[White "Komov, Roman"]
[Black "Gnechko, Ruslan"]
[Result "1-0"]
[WhiteTitle "FM"]
[WhiteElo "2239"]
[BlackElo "2132"]
[WhiteFideId "24175714"]
[BlackFideId "14135868"]
[EventDate "2025.05.20"]

1. e4 c6 2. d4 d5 3. Nc3 dxe4 4. Nxe4 Nf6 5. Nxf6+ exf6 6. c3 Bd6 7. Bd3 Na6 8.
Ne2 Nc7 9. Qc2 h5 10. h3 Kf8 11. Bd2 g6 12. O-O-O Kg7 13. Rdg1 Be6 14. Kb1 b5
15. g4 hxg4 16. hxg4 Rxh1 17. Rxh1 Bxg4 18. Bh6+ Kg8 19. Bxg6 Bf3 20. Rg1 Kh8
21. Bxf7 1-0

[Event "Titled Tue 20th May Early"]
[Site "chess.com INT"]
[Date "2025.05.20"]
[Round "2"]
[White "Chiappero, Julio Alfredo"]
[Black "Liu, Casper"]
[Result "1-0"]
[WhiteTitle "FM"]
[BlackTitle "FM"]
[WhiteElo "2238"]
[BlackElo "2325"]
[WhiteFideId "139998"]
[BlackFideId "1454153"]
[EventDate "2025.05.20"]

1. d4 d5 2. c4 dxc4 3. e4 Nd7 4. Bxc4 b6 5. Nc3 Bb7 6. Nf3 e6 7. O-O Bb4 8. Qe2
Ngf6 9. Bg5 h6 10. Bxf6 Nxf6 11. e5 Nd5 12. Ne4 O-O 13. a3 Be7 14. Rad1 Bg5 15.
Nfxg5 hxg5 16. Qg4 Nf4 17. Nxg5 Ng6 18. Bxe6 Qe7 19. Qh5 Rfd8 20. Bxf7+ Kf8 21.
Qxg6 Bc8 22. Nh7# 1-0

[Event "Titled Tue 20th May Early"]
[Site "chess.com INT"]
[Date "2025.05.20"]
[Round "2"]
[White "Danzer, George"]
[Black "Hernandez Izquierdo, Jose A."]
[Result "1/2-1/2"]
[WhiteTitle "CM"]
[BlackTitle "IM"]
[WhiteElo "2172"]
[BlackElo "2223"]
[WhiteFideId "4659465"]
[BlackFideId "3527263"]
[EventDate "2025.05.20"]

1. e4 c5 2. Nf3 e6 3. d4 cxd4 4. Nxd4 a6 5. c4 Nf6 6. Nc3 Qc7 7. Be2 Bb4 8. f3
O-O 9. O-O Bxc3 10. bxc3 d5 11. Qd3 Nc6 12. Bg5 Ne5 13. Qe3 Nxc4 14. Bxc4 Qxc4
15. Bxf6 gxf6 16. e5 Kh8 17. Qh6 Rg8 18. Qxf6+ Rg7 19. Qd8+ Rg8 20. Qf6+ Rg7 21.
Qd8+ Rg8 22. Qf6+ 1/2-1/2

[Event "Titled Tue 20th May Early"]
[Site "chess.com INT"]
[Date "2025.05.20"]
[Round "2"]
[White "Punin, Andrii"]
[Black "Szpar, Milosz"]
[Result "0-1"]
[WhiteTitle "FM"]
[BlackTitle "IM"]
[WhiteElo "2289"]
[BlackElo "2475"]
[WhiteFideId "14112639"]
[BlackFideId "1184989"]
[EventDate "2025.05.20"]

1. e4 e6 2. d4 d5 3. Nc3 Nf6 4. e5 Nfd7 5. f4 c5 6. Nf3 Nc6 7. Be3 Be7 8. Qd2
O-O 9. dxc5 Qa5 10. a3 a6 11. O-O-O b6 12. cxb6 Bxa3 13. bxa3 Qxa3+ 14. Kb1 Rb8
15. Nd4 Nxb6 16. Ncb5 Na4 17. Nxc6 Qb2# 0-1

[Event "Titled Tue 20th May Early"]
[Site "chess.com INT"]
[Date "2025.05.20"]
[Round "2"]
[White "Wanyama, Harold"]
[Black "Perez Cruz, Adianet"]
[Result "1/2-1/2"]
[WhiteTitle "FM"]
[BlackTitle "WFM"]
[WhiteElo "2132"]
[BlackElo "1984"]
[WhiteFideId "10000380"]
[BlackFideId "3510115"]
[EventDate "2025.05.20"]

1. d4 d5 2. c4 e5 3. dxe5 d4 4. g3 Nc6 5. Nf3 Nge7 6. Bg2 Ng6 7. O-O Be6 8. Qa4
Be7 9. Rd1 O-O 10. e3 Ncxe5 11. Rxd4 Qc8 12. Nc3 c6 13. Bd2 Bf6 14. Nxe5 Bxe5
15. Rd3 Bh3 16. Be1 Bxg2 17. Kxg2 Qg4 18. Qd1 Nh4+ 19. Kg1 Qh3 20. gxh4 Bxh2+
21. Kh1 Bg3+ 22. Kg1 Bh2+ 23. Kh1 Bg3+ 24. Kg1 Bh2+ 1/2-1/2

[Event "Titled Tue 20th May Early"]
[Site "chess.com INT"]
[Date "2025.05.20"]
[Round "2"]
[White "Barwinska, Ewa"]
[Black "Srihari, L"]
[Result "0-1"]
[WhiteTitle "WFM"]
[BlackTitle "IM"]
[WhiteElo "2014"]
[BlackElo "2353"]
[WhiteFideId "21833761"]
[BlackFideId "46642056"]
[EventDate "2025.05.20"]

1. e4 c6 2. d4 d5 3. exd5 cxd5 4. Bd3 Nc6 5. c3 e6 6. Nf3 Bd6 7. O-O Nge7 8. Qc2
h6 9. Re1 O-O 10. h3 f6 11. Nbd2 e5 12. Bb5 e4 13. Nh2 f5 14. Ndf1 a6 15. Bxc6
bxc6 16. c4 f4 17. Ng4 Bxg4 18. hxg4 f3 19. g3 Qd7 20. Ne3 Bxg3 21. b3 Bf4 22.
Ba3 Bxe3 23. fxe3 f2+ 24. Kf1 0-1

[Event "Titled Tue 20th May Early"]
[Site "chess.com INT"]
[Date "2025.05.20"]
[Round "2"]
[White "Clarke, Connor"]
[Black "Yushko, Olga"]
[Result "0-1"]
[BlackTitle "WFM"]
[WhiteElo "2073"]
[BlackElo "2036"]
[WhiteFideId "457655"]
[BlackFideId "14114500"]
[EventDate "2025.05.20"]

1. d4 Nf6 2. Bg5 e6 3. Nd2 d5 4. e3 Be7 5. Bd3 O-O 6. c3 c5 7. f4 Nc6 8. Ngf3
Nd7 9. Bxe7 Qxe7 10. O-O f6 11. Qe1 e5 12. fxe5 fxe5 13. dxe5 Ndxe5 14. Nxe5
Nxe5 15. Bc2 Bg4 16. Qg3 Bd7 17. Rae1 Bb5 18. Rf4 Bd3 19. Bb3 c4 20. Bd1 Bg6 21.
Rd4 Nd3 22. Rf1 Rxf1+ 23. Kxf1 Rf8+ 24. Kg1 Nxb2 25. Rxd5 Nxd1 26. Nxc4 Nxc3 27.
Re5 Qf7 28. Nd2 Ne4 29. Rxe4 Bxe4 30. h4 Bc6 31. a4 Rd8 32. Nc4 Qxc4 0-1

[Event "Titled Tue 20th May Early"]
[Site "chess.com INT"]
[Date "2025.05.20"]
[Round "2"]
[White "Tsapov, Igor"]
[Black "Chiang, Jacob"]
[Result "0-1"]
[WhiteTitle "CM"]
[WhiteElo "2093"]
[BlackElo "2006"]
[WhiteFideId "4179005"]
[BlackFideId "30962331"]
[EventDate "2025.05.20"]

1. e4 c5 2. Nf3 d6 3. Bb5+ Nd7 4. a4 Nf6 5. Nc3 g6 6. O-O Bg7 7. Re1 O-O 8. Bf1
Nb8 9. d4 cxd4 10. Nxd4 Nc6 11. Nxc6 bxc6 12. Bf4 Be6 13. h3 Nd7 14. Qd2 Rb8 15.
Rab1 a5 16. Bh6 Qc7 17. Bxg7 Kxg7 18. g4 Ne5 19. b3 Nf3+ 0-1

[Event "Titled Tue 20th May Early"]
[Site "chess.com INT"]
[Date "2025.05.20"]
[Round "2"]
[White "Arakelyan, Manvel"]
[Black "Melamed, Daniel"]
[Result "1-0"]
[WhiteTitle "FM"]
[BlackTitle "CM"]
[WhiteElo "2326"]
[BlackElo "2032"]
[WhiteFideId "13317415"]
[BlackFideId "3229076"]
[EventDate "2025.05.20"]

1. e4 c5 2. Nf3 e6 3. d4 cxd4 4. Nxd4 Nf6 5. Nc3 Nc6 6. Nxc6 bxc6 7. e5 Nd5 8.
Ne4 Qc7 9. f4 Rb8 10. c4 Bb4+ 11. Ke2 O-O 12. cxd5 cxd5 13. Nd6 f6 14. a3 fxe5
15. axb4 Qxd6 16. Kf2 exf4 17. Bd3 Qb6+ 18. Kf1 e5 19. Qh5 e4 20. Qxd5+ Kh8 21.
Qxe4 Bb7 22. Qxh7# 1-0

[Event "Titled Tue 20th May Early"]
[Site "chess.com INT"]
[Date "2025.05.20"]
[Round "2"]
[White "Aarav Sinha"]
[Black "Buraczewski, Rafal"]
[Result "1-0"]
[WhiteTitle "FM"]
[BlackTitle "CM"]
[WhiteElo "2255"]
[BlackElo "2135"]
[WhiteFideId "25674064"]
[BlackFideId "1155245"]
[EventDate "2025.05.20"]

1. e4 g6 2. d4 Bg7 3. Nf3 c6 4. h3 b5 5. Bd3 d6 6. O-O Nd7 7. c3 e5 8. a4 bxa4
9. Rxa4 Ne7 10. Be3 a5 11. dxe5 Nxe5 12. Nxe5 Bxe5 13. Bh6 Qb6 14. Qe2 Rb8 15.
Nd2 Be6 16. Rfa1 Ra8 17. Nc4 Bxc4 18. Bxc4 f6 19. Be3 c5 20. f4 d5 21. Bb5+ Kf8 1-0

[Event "Titled Tue 20th May Early"]
[Site "chess.com INT"]
[Date "2025.05.20"]
[Round "2"]
[White "Atakhan, Abtin"]
[Black "Srinath, Rao S.V."]
[Result "1-0"]
[WhiteTitle "IM"]
[BlackTitle "IM"]
[WhiteElo "2410"]
[BlackElo "2299"]
[WhiteFideId "22502203"]
[BlackFideId "5028876"]
[EventDate "2025.05.20"]

1. c4 b6 2. Nc3 Bb7 3. e4 e6 4. Bd3 g6 5. Nge2 Bg7 6. Bc2 c5 7. d4 cxd4 8. Nxd4
a6 9. h4 h5 10. Nf3 Nc6 11. Bf4 e5 12. Be3 Nge7 13. Qd2 Qc7 14. Nd5 Nxd5 15.
cxd5 Na5 16. Bd3 Nc4 17. Qc3 b5 18. b3 Qa5 19. Qxa5 Nxa5 20. Bb6 1-0

[Event "Titled Tue 20th May Early"]
[Site "chess.com INT"]
[Date "2025.05.20"]
[Round "2"]
[White "Srihari, L R"]
[Black "Kozlov, Gennady"]
[Result "1-0"]
[WhiteTitle "IM"]
[BlackTitle "FM"]
[WhiteElo "2468"]
[BlackElo "2408"]
[WhiteFideId "46617116"]
[BlackFideId "4191668"]
[EventDate "2025.05.20"]

1. d4 e6 2. Nf3 b6 3. e4 Bb7 4. Bd3 c5 5. c3 d5 6. exd5 exd5 7. Bb5+ Bc6 8. Qe2+
Be7 9. Ne5 Bxb5 10. Qxb5+ Nd7 11. O-O Nf6 12. Nc6 Qc7 13. Re1 Ne4 14. Nxe7 Kxe7
15. f3 Nf6 16. Nd2 1-0

[Event "Titled Tue 20th May Early"]
[Site "chess.com INT"]
[Date "2025.05.20"]
[Round "2"]
[White "Pacheco, Daniel"]
[Black "Kiran, Manisha Mohanty"]
[Result "1-0"]
[WhiteTitle "FM"]
[BlackTitle "WGM"]
[WhiteElo "2191"]
[BlackElo "2031"]
[WhiteFideId "101680"]
[BlackFideId "5019575"]
[EventDate "2025.05.20"]

1. d4 Nf6 2. c4 g6 3. Nc3 d5 4. cxd5 Nxd5 5. e4 Nxc3 6. bxc3 Bg7 7. Bg5 O-O 8.
Rc1 c5 9. d5 h6 10. Be3 b6 11. Qd2 Kh7 12. Bd3 e6 13. c4 e5 14. h4 h5 15. Nf3
Na6 16. Ng5+ Kg8 17. f3 Nc7 18. Be2 f6 19. Nh3 Bxh3 20. Rxh3 f5 21. Bg5 Qd7 22.
exf5 gxf5 23. f4 Qf7 24. Rg3 Kh8 25. fxe5 f4 26. e6 Qf5 27. Rf3 Rae8 28. Rxf4
Qe5 29. Rxf8+ Rxf8 30. e7 Qg3+ 31. Kd1 Ne8 32. exf8=Q+ Bxf8 33. Qc3+ Bg7 34.
Qxg3 1-0

[Event "Titled Tue 20th May Early"]
[Site "chess.com INT"]
[Date "2025.05.20"]
[Round "2"]
[White "Kovalchuk, Alexey"]
[Black "Dicen, Elis Denele"]
[Result "1-0"]
[WhiteTitle "FM"]
[BlackTitle "WFM"]
[WhiteElo "2304"]
[BlackElo "2135"]
[WhiteFideId "24154385"]
[BlackFideId "462560"]
[EventDate "2025.05.20"]

1. d4 d5 2. c4 e6 3. Nc3 Bb4 4. cxd5 exd5 5. Nf3 Nf6 6. Bg5 h6 7. Bh4 g5 8. Bg3
Ne4 9. Qb3 Bxc3+ 10. bxc3 Nxg3 11. hxg3 c6 12. e3 Nd7 13. Bd3 Qf6 14. c4 dxc4
15. Bxc4 Nb6 16. Ne5 Nxc4 17. Qxc4 Be6 18. Qb4 Qe7 19. Rb1 Qxb4+ 20. Rxb4 O-O-O
21. Ke2 Rh7 22. Rhb1 f6 23. Nxc6 Rd6 24. Nxa7+ Kb8 25. Nb5 Ra6 26. a4 Bf5 27.
Rc1 Rc6 28. Rxc6 bxc6 29. Nd6+ 1-0

[Event "Titled Tue 20th May Early"]
[Site "chess.com INT"]
[Date "2025.05.20"]
[Round "2"]
[White "Shafer, Logan C"]
[Black "Onyshchuk, Volodymyr"]
[Result "0-1"]
[WhiteTitle "CM"]
[BlackTitle "GM"]
[WhiteElo "2291"]
[BlackElo "2602"]
[WhiteFideId "30993342"]
[BlackFideId "14114038"]
[EventDate "2025.05.20"]

1. e4 d6 2. d4 g6 3. Nc3 Bg7 4. Be3 a6 5. Qd2 b5 6. f3 Bb7 7. h4 h6 8. O-O-O Nd7
9. Nh3 e6 10. Kb1 Ne7 11. Bd3 c5 12. dxc5 dxc5 13. Bxb5 axb5 14. Nxb5 Bc6 15.
Nd6+ Kf8 16. Nf4 Qb6 17. c3 Qa6 18. a3 Rb8 19. Nxf7 Kxf7 20. Qd6 Qc4 21. h5
Rxb2+ 22. Ka1 Qa2# 0-1

[Event "Titled Tue 20th May Early"]
[Site "chess.com INT"]
[Date "2025.05.20"]
[Round "2"]
[White "Korkmaz, Necmettin"]
[Black "Weetik, Vjacheslav"]
[Result "0-1"]
[WhiteTitle "CM"]
[BlackTitle "FM"]
[WhiteElo "2059"]
[BlackElo "2423"]
[WhiteFideId "6303285"]
[BlackFideId "4153472"]
[EventDate "2025.05.20"]

1. e4 c6 2. d4 d5 3. Nc3 dxe4 4. Nxe4 Nf6 5. Nxf6+ exf6 6. c3 Bd6 7. Bd3 O-O 8.
Ne2 Re8 9. O-O Nd7 10. f4 c5 11. d5 Rb8 12. c4 b5 13. cxb5 Nb6 14. Nc3 c4 15.
Bc2 Bc5+ 16. Kh1 f5 17. a4 Bb7 18. Bxf5 Nxd5 19. Nxd5 Bxd5 20. Bc2 Rb6 21. f5
Qa8 22. Qg4 h5 23. Qh3 Re2 0-1